Latex quality and yield parameters of Hevea brasiliensis (Willd. Ex A. Juss) Mull. Arg. Clone PB 260 for different tapping and stimulant application frequencies (Record no. 62069)

MARC details
000 -LEADER
fixed length control field 00603nam a2200181Ia 4500
100 ## - MAIN ENTRY--AUTHOR NAME
Personal name Purwaningrum Y
245 #0 - TITLE STATEMENT
Title Latex quality and yield parameters of Hevea brasiliensis (Willd. Ex A. Juss) Mull. Arg. Clone PB 260 for different tapping and stimulant application frequencies
260 ## - PUBLICATION, DISTRIBUTION, ETC. (IMPRINT)
Name of publisher Chilean Journal of Agricultural Research
Year of publication 2019
300 ## - PHYSICAL DESCRIPTION
Number of Pages 347-355
500 ## - GENERAL NOTE
General note Source Year: 2019
650 ## - SUBJECT ADDED ENTRY--TOPICAL TERM
Topical Term Latex quality
650 ## - SUBJECT ADDED ENTRY--TOPICAL TERM
Topical Term Yield parameters
700 ## - ADDED ENTRY--PERSONAL NAME
Personal name Asbur Y
700 ## - ADDED ENTRY--PERSONAL NAME
Personal name Junaidi
856 ## - ELECTRONIC LOCATION AND ACCESS
Uniform Resource Identifier Online details only
942 ## - ADDED ENTRY ELEMENTS (KOHA)
Koha item type Journals
Holdings
Withdrawn status Lost status Damaged status Not for loan Home library Current library Shelving location Date acquired Serial Enumeration / chronology Koha item type
      Journals RRII Library RRII Library LHT 17/12/2021 Volume 79, Issue 3 Journals